Límite entre Costa Rica y Nicaragua: problemas socioeconómicos conexos /
El análisis histórico presenta acuerdos limítrofes que han sido tomados con la intervención de autoridades de otras naciones interesadas en el dominio del Río San Juan. Sin embargo, el proceso se inserta en la era posterior a la Revolución Sandinista que promueve la migración de nicaragüenses hacia...
Guardat en:
| Autor principal: | |
|---|---|
| Format: | Desconegut |
| Idioma: | Spanish |
| Publicat: |
Cartago :
Editorial Tecnológico de Costa Rica,
|
| Matèries: | |
| Etiquetes: |
Afegir etiqueta
Sense etiquetes, Sigues el primer a etiquetar aquest registre!
|
MARC
| LEADER | 00000 a2200000 04500 | ||
|---|---|---|---|
| 001 | 40351 | ||
| 003 | cru CIDCACS/IIS | ||
| 005 | 20231129145803.0 | ||
| 008 | 050625s2003 cr spa d | ||
| 020 | |a 9977-66-140-5 | ||
| 040 | |c cru CIDCACS/IIS |a cru CIDCACS/IIS | ||
| 090 | |a 04.04.02 R173l | ||
| 100 | |a Ramírez Ramíreza, Luis | ||
| 245 | |a Límite entre Costa Rica y Nicaragua: |b problemas socioeconómicos conexos / |c Luis Ramírez Ramírez | ||
| 260 | |a Cartago : |b Editorial Tecnológico de Costa Rica, | ||
| 300 | |a 211 páginas : mapas | ||
| 520 | |a El análisis histórico presenta acuerdos limítrofes que han sido tomados con la intervención de autoridades de otras naciones interesadas en el dominio del Río San Juan. Sin embargo, el proceso se inserta en la era posterior a la Revolución Sandinista que promueve la migración de nicaragüenses hacia Costa Rica. Como complemento de indiscutible valor, este ensayo es acompañado de varios anexos que permitirán la consulta rápida de documentos históricos y cifras de estadísticas sociales y económicas. | ||
| 590 | |a RRA/FEBRERO2011 | ||
| 650 | |a FRONTERAS | ||
| 650 | |a COSTA RICA | ||
| 650 | |a NICARAGUA | ||
| 650 | |a ACUERDOS INTERNACIONALES | ||
| 650 | |a ANALISIS HISTORICO | ||
| 942 | |2 z |c LI |h 04.04.02 R173l |i 06855 |6 040402_R173L_06855 | ||
| 999 | |c 16254 |d 16254 | ||



